[Event "IND-ch U13"]
[Site "Puducherry"]
[Date "2013.06.30"]
[Round "1"]
[White "Wairagade, Atharva"]
[Black "Puranik, Abhimanyu Sameer"]
[Result "0-1"]
[WhiteElo "1460"]
[BlackElo "2185"]
[PlyCount "78"]
[EventDate "2013.06.30"]
[EventType "swiss"]
[EventRounds "11"]
[EventCountry "IND"]
[SourceTitle "EXT 2014"]
[Source "ChessBase"]
[SourceDate "2013.11.20"]
[SourceVersion "1"]
[SourceVersionDate "2013.11.20"]
[SourceQuality "1"]

1. d4 Nf6 2. c4 g6 3. Nc3 d5 4. cxd5 Nxd5 5. e4 Nxc3 6. bxc3 Bg7 7. Bc4 c5 8. Ne2 0-0 9. 0-0 Nc6 10. Be3 Qc7 11. Qc2 Na5 12. Bb3 b6 13. Qb2 Ba6 14. Rfe1 Nc4 15. Bxc4 Bxc4 16. Qc2 Rfd8 17. Rac1 Qc6 18. f3 Rac8 19. Red1 Qb5 20. Kf2 Qa5 21. d5 e6 22. dxe6 Bxe6 23. c4 Rxd1 24. Rxd1 Qb4 25. Rc1 b5 26. cxb5 Qxb5 27. Nd4 Bxd4 28. Bxd4 cxd4 29. Qd2 Rxc1 30. Qxc1 Qc4 31. Qf4 Qxa2+ 32. Kg3 Qb1 33. h3 Qb6 34. h4 h5 35. Qd2 Qd6+ 36. Kf2 d3 37. g3 a5 38. e5 Qd4+ 39. Kf1 Bh3+ 0-1

[Event "Raisoni Memorial op U15"]
[Site "Nagpur"]
[Date "2012.09.17"]
[Round "1"]
[White "Wairagade, Atharva"]
[Black "Varun, V."]
[Result "0-1"]
[WhiteElo "1520"]
[BlackElo "2055"]
[PlyCount "64"]
[EventDate "2012.09.17"]
[EventType "swiss"]
[EventRounds "11"]
[EventCountry "IND"]
[SourceTitle "CBM 150 Extra"]
[Source "ChessBase"]
[SourceDate "2012.10.19"]
[SourceVersion "1"]
[SourceVersionDate "2012.10.19"]
[SourceQuality "1"]

1. d4 Nf6 2. Nf3 g6 3. e3 Bg7 4. c4 0-0 5. Nc3 d5 6. Be2 dxc4 7. Bxc4 a6 8. 0-0 b5 9. Be2 Bb7 10. Qc2 Nbd7 11. Bd2 Rc8 12. Rac1 c5 13. dxc5 Nxc5 14. b4 Na4 15. Rfd1 Ne4 16. Qb3 Nexc3 17. Bxc3 Nxc3 18. Rxc3 Rxc3 19. Rxd8 Rxd8 20. Qb1 Rdc8 21. Bf1 Bd5 22. h3 Rc1 23. Qd3 Bc4 24. Qd7 Rxf1+ 25. Kh2 Be6 26. Qxe7 Rxf2 27. Qh4 Rcc2 28. Qg3 Rxg2+ 29. Qxg2 Rxg2+ 30. Kxg2 Bxa2 31. Nd2 Bc3 32. Ne4 Bxb4 0-1